Tintin Comic Books - Statistics

General Stats
  • This quiz has been taken 489 times
  • The average score is 14 of 24
Answer Stats
Hint Answer % Correct
#2 Tintin in the Congo
86%
#3 Tintin in America
83%
#5 The Blue Lotus
75%
#20 Tintin in Tibet
70%
#7 The Black Island
65%
#6 The Broken Ear
65%
#11 The Secret of the Unicorn
64%
#1 Tintin in the Land of the Soviets
64%
#16 Destination Moon
61%
#12 Red Rackham's Treasure
61%
#13 The Seven Crystal Balls
61%
#22 Flight 714 to Sydney
60%
#18 The Calculus Affair
59%
#15 Land of Black Gold
57%
#19 The Red Sea Sharks
54%
#17 Explorers on the Moon
52%
#23 Tintin and the Picaros
51%
#14 Prisoners of the Sun
50%
#9 The Crab with the Golden Claws
50%
#10 The Shooting Star
50%
#21 The Castafiore Emerald
49%
#8 King Ottokar's Sceptre
45%
#24 Tintin and Alph-Art
39%
#4 Tintin and the Cigars of the Pharoh
26%
No matching quizzes found
Score Distribution
Percent of People with Each Score
Percentile by Number Answered
Your Score History
You have not taken this quiz